| 000 | 00490nam a22001337a 4500 | ||
|---|---|---|---|
| 005 | 20140103145350.0 | ||
| 008 | 140103b xxu||||| |||| 00| 0 eng d | ||
| 050 |
_aB5300.5. _bJ6 2012 |
||
| 100 |
_aJournees philosophiques canisius-XIV _96501 |
||
| 245 |
_aLe Capitalisme en proces _bApproches economique, sociale et philosophique _cJournees philosophiques canisius-XIV |
||
| 260 |
_aLoyola _bEditions Loyola Publications Canisius _c2012 |
||
| 300 |
_a214p. ; _c21cm. |
||
| 942 |
_2lcc _cMONOGRAPH |
||
| 999 |
_c119502 _d119502 |
||